00461nam a22001457a 450000500170000000800410001702000180005805000140007610000190009024500990010925000120020826000320022030000420025270000210029420250208202458.0250208b |||||||| |||| 00| 0 eng d a9780333440797 aRC954 HUN aHunt, Patricia aNursing the Adult with a Specific Physiological Disturbance/cPatricia Hunt & Bernice Sendell  a2nd ed. aHoundmillsbMacmillanc1992 axviii. 242p.bill. some colorc29.5cm aSendell, Bernice